Encyclopedia Yearbook, 1988 / (Record no. 617309)

000 -LEADER
fixed length control field 00393nam a22001337a 4500
020 ## - INTERNATIONAL STANDARD BOOK NUMBER
Qualifying information HB.
040 ## - CATALOGING SOURCE
Transcribing agency FIZZA ISHAQ
082 ## - DEWEY DECIMAL CLASSIFICATION NUMBER
Classification number 031
Author Mark GRO
100 ## - MAIN ENTRY--PERSONAL NAME
Personal name Jeffrey H. Hacker, Bernard S. Cayne.
9 (RLIN) 134328
245 ## - TITLE STATEMENT
Title Encyclopedia Yearbook, 1988 /
Statement of responsibility, etc. Bernard S. Cayne Jeffrey H. Hacker.
260 ## - PUBLICATION, DISTRIBUTION, ETC.
Place of publication, distribution, etc. New York:
Name of publisher, distributor, etc. Grolier Yearbook ,
Date of publication, distribution, etc. 1988.
300 ## - PHYSICAL DESCRIPTION
Extent 608 p. : ill. ;
Dimensions 26 cm
942 ## - ADDED ENTRY ELEMENTS (KOHA)
Source of classification or shelving scheme
Koha item type Book

No items available.

© 2023 Central Library, National University of Sciences and Technology. All Rights Reserved.